=LDR 00000nam 2200000 4500 =001 INLIS000000000002248 =005 20130612090612 =008 ***********************************Ind** =035 ##$$0010-061300000002248 =041 ##$$a Ind =082 ##$$a 813 =090 ##$$a 813, Sem s =245 ##$$a Semangat pahlawan melebur rasa kesukuan =260 ##$$a 1982 $b Jakarta =300 ##$$a 63 hlm, 21 cm =650 ##$$a Prosa Indonesia =850 ##$$a NBPNMAT